Centro de documentación /

Збережено в:
Бібліографічні деталі
Автор: Flores de la Fuente, María Lourdes
Співавтори: Instituto Latinoamericano de las Naciones Unidas para la Prevención del Delito y Tratamiento del Delincuente, ILANUD
Інші автори: Alpízar Moya, Sandra
Формат: Текст
Мова:Spanish
Опубліковано: San José: ILANUD
Теги: Додати тег
Немає тегів, Будьте першим, хто поставить тег для цього запису!

MARC

LEADER 00000 a a2200000 04500
001 20448
003 cru CIDCACS/IIS
005 20200831161213.0
008 200831b ||||| |||| 00| 0 spa d
999 |c 10708  |d 10708 
040 |c cru CIDCACS/IIS 
090 |a 19.01.01 F634c 
100 |a Flores de la Fuente, María Lourdes  
110 |a Instituto Latinoamericano de las Naciones Unidas para la Prevención del Delito y Tratamiento del Delincuente  
245 |a Centro de documentación /  |c Instituto Latinoamericano de las Naciones Unidas para la Prevención del Delito y Tratamiento del Delincuente  
260 |a San José:   |b ILANUD  
300 |a 59 p.  
700 |a Alpízar Moya, Sandra  
710 |a ILANUD  
942 |2 ddc  |c LI  |h 19.01.01 F634c  |i 20216  |6 190101_F634C_20216